Gujarātī sāhitya kā navīna itihāsa. (Record no. 67786)

MARC details
000 -LEADER
fixed length control field 00657cam a22002411 4500
001 - CONTROL NUMBER
control field sa 66001410
003 - CONTROL NUMBER IDENTIFIER
control field DLC
005 - DATE AND TIME OF LATEST TRANSACTION
control field 20260227112222.0
008 - FIXED-LENGTH DATA ELEMENTS--GENERAL INFORMATION
fixed length control field 890728s1963 ii 000 0 hino
010 ## - LIBRARY OF CONGRESS CONTROL NUMBER
LC control number sa 66001410
035 ## - SYSTEM CONTROL NUMBER
System control number (OCoLC)20087246
040 ## - CATALOGING SOURCE
Original cataloging agency DLC
Transcribing agency WaU
Modifying agency DLC
042 ## - AUTHENTICATION CODE
Authentication code premarc
043 ## - GEOGRAPHIC AREA CODE
Geographic area code a-ii---
050 00 - LIBRARY OF CONGRESS CALL NUMBER
Classification number PK1850
Item number .T73
100 1# - MAIN ENTRY--PERSONAL NAME
Personal name Trivedi, Sureshchandra Revashanker,
Dates associated with a name 1931-
245 10 - TITLE STATEMENT
Title Gujarātī sāhitya kā navīna itihāsa.
260 ## - PUBLICATION, DISTRIBUTION, ETC.
Date of publication, distribution, etc. [1963]
300 ## - PHYSICAL DESCRIPTION
Extent 2, 136 p.
Dimensions 19 cm.
500 ## - GENERAL NOTE
General note In Hindi.
650 #0 - SUBJECT ADDED ENTRY--TOPICAL TERM
Topical term or geographic name entry element Gujarati literature
General subdivision History and criticism.
700 1# - ADDED ENTRY--PERSONAL NAME
Personal name Jani, Vishnuprasad Kalidas,
Dates associated with a name 1919-

No items available.

Powered by Koha